<?xml version="1.0" encoding="UTF-8"?>
<collection xmlns="http://www.loc.gov/MARC21/slim">
  <record>
    <leader>00000nam  2200000   4500</leader>
    <controlfield tag="001">INLIS000000000002470</controlfield>
    <controlfield tag="005">20180724145432</controlfield>
    <controlfield tag="008">180724|||||||||   |   |||   |||| ||   | </controlfield>
    <datafield tag="035" ind1=" " ind2=" ">
      <subfield code="0">010-0718002470</subfield>
    </datafield>
    <datafield tag="041" ind1=" " ind2=" ">
      <subfield code="a">id</subfield>
    </datafield>
    <datafield tag="082" ind1=" " ind2=" ">
      <subfield code="a">R. 32 PIM I 2017</subfield>
    </datafield>
    <datafield tag="090" ind1=" " ind2=" ">
      <subfield code="a">R. 32 PIM I 2017</subfield>
    </datafield>
    <datafield tag="100" ind1=" " ind2=" ">
      <subfield code="a">Budijarto, Agus</subfield>
    </datafield>
    <datafield tag="245" ind1=" " ind2=" ">
      <subfield code="a">Penguatan Tim Penelusuran Hasil Kajian (Streng thening For Tracer Study Team) Melalui Pnggunaan Teknologi Informasi Di Lembaga Ketahanan Nasional RI</subfield>
    </datafield>
    <datafield tag="260" ind1=" " ind2=" ">
      <subfield code="a">Jakarta</subfield>
      <subfield code="b">LAN Jakarta</subfield>
      <subfield code="c">2017</subfield>
    </datafield>
    <datafield tag="300" ind1=" " ind2=" ">
      <subfield code="a">41 hlm:, 30 cm</subfield>
    </datafield>
    <datafield tag="500" ind1=" " ind2=" ">
      <subfield code="a">Tim ini dibentuk untuk menelusuri hasil kajian Lemhanas yang telah ditujukan kepada Presiden.  Hal tersebut diperlukan dalam rangka mendapatkan outcome yang maksimal sekaligus feedback.  Hasil kajian Lemhanas RI yang terbagi menjadi tiga kegiatan kemudian dikirimkan kepada Kepala Biro TU Pimpinan pada Sekretariat Negara maupun Sekretariat Kabinet.  &#13;
          Kendala yang dihadapi adalah, hasil kajian yang sudah dikirimkan tidak diketahui apakah hasil tersebut sudah sampai ke tangan Presiden atau belum.  Hal tersebut disebabkan karena kurangnya koordinasi dengan pihak-pihak yang terkait.  Oleh karena itu, diperlukan penggunaan teknologi informasi untuk melacak hasil kajian tersebut.  Penggunaan teknologi informasi tersebut telah membantu tim untuk memantau produk kajian.</subfield>
    </datafield>
    <datafield tag="650" ind1=" " ind2=" ">
      <subfield code="a">Penguatan Tim</subfield>
    </datafield>
  </record>
</collection>
